000 00704nam a2200217 i 4500
001 30989
003 ES-MaACL
005 20251213063015.0
007 t|
008 030128s1950 ag ||||1| spa d
100 1 _aBelloc, Hilaire,
_d1870-1953
_927250
245 1 3 _aLa crisis de nuestra civilización /
_cHilaire Belloc ; traducción de Carlos María Reyles.
250 _a4ª ed.
260 _aBuenos Aires :
_bEditorial Sudamericana,
_c[1950] (
_fHays Bell)
300 _a289 p. ;
_c21 cm.
650 0 4 _aCivilización.
_911079
650 0 4 _aCristianismo-
_xHistoria.
_911430
700 1 _aReyles, Carlos María.
_996600
852 _aES-MaACL
_jD-5425
_bR.30911
999 _c30989
_d30989